• 首页
  • 本馆介绍
  • 公告通知
  • 最新文献
  • 馆藏检索
  • 电子资源
  • 读者荐购
  • 参考咨询
  • CALIS
  • 我的图书馆
  • 登录
  • 详细信息显示
  • 放入我的书架
  • 预约/预借图书
  • 作者相关作品
  • 分类相关作品
  • 丛书相关作品
  • 出版社相关作品

书目信息

  • 表格格式
  • 工作单格式
  • 卡片格式
题名:
2020全国一级注册建筑师执业资格考试历年真题解析与模拟试卷
    
 
作者: 张艳锋 编著
分册:   建筑经济 施工与设计业务管理
出版信息: 北京   中国电力出版社  2020.01
页数: 280页
开本: 26cm
丛书名:
单 册:
中图分类: TU-44 , F407.906-44
科图分类:
主题词: 建筑师--jian zhu shi--资格考试--题解 , 建筑经济--jian zhu jing ji--工业企业管理--资格考试--题解
电子资源:
ISBN: 978-7-5198-3676-4
 
 
 
 
 
000 01482nam 2200277 450
001 2063513661
005 20201107173839.72
010    @a978-7-5198-3676-4@dCNY66.00
100    @a20191108d2020 em y0chiy50 ea
101 0  @achi
102    @aCN@b110000
105    @aa a 000yy
200 1  @a2020全国一级注册建筑师执业资格考试历年真题解析与模拟试卷@A2020 quan guo yi ji zhu ce jian zhu shi zhi ye zi ge kao shi li nian zhen ti jie xi yu mo ni shi juan@i建筑经济 施工与设计业务管理@f张艳锋编著
210    @a北京@c中国电力出版社@d2020.01
215    @a280页@c图@d26cm
300    @a2020电力版
320    @a有书目
330    @a本书收录了2000-2019年的全国一级注册建筑师考试《建筑经济、施工与设计业务管理》科目的试题近600道题, 并将这些考题按照建设项目投资费用、工程量概预算、建筑材料价格比较、建筑面积计算、砌体工程、混凝土结构工程、地下防水工程、屋面防水工程、建筑装饰装修工程、建筑地面工程、建筑设计业务法规、注册建筑师执业、房地产开发、建筑工程监理的知识框架进行安排, 对每道题都进行了详细的解析。并依据最新全国一级注册建筑师考试的知识点在书后编有2套模拟试题, 供考生在复习后进行练习以检验复习效果。
517 1  @a建筑经济 施工与设计业务管理@Ajian zhu jing ji shi gong yu she ji ye wu guan li
606 0  @a建筑师@Ajian zhu shi@x资格考试@j题解
606 0  @a建筑经济@Ajian zhu jing ji@x工业企业管理@x资格考试@j题解
690    @aTU-44@v5
690    @aF407.906-44@v5
701  0 @a张艳锋@Azhang yan feng@4编著
801  0 @aCN@b人天书店@c20200929
905    @aZUCC@dTU-44@eZ221
    
    2020全国一级注册建筑师执业资格考试历年真题解析与模拟试卷.建筑经济 施工与设计业务管理/张艳锋编著.-北京:中国电力出版社,2020.01
    280页:图;26cm
    2020电力版
    
    ISBN 978-7-5198-3676-4:CNY66.00
    本书收录了2000-2019年的全国一级注册建筑师考试《建筑经济、施工与设计业务管理》科目的试题近600道题, 并将这些考题按照建设项目投资费用、工程量概预算、建筑材料价格比较、建筑面积计算、砌体工程、混凝土结构工程、地下防水工程、屋面防水工程、建筑装饰装修工程、建筑地面工程、建筑设计业务法规、注册建筑师执业、房地产开发、建筑工程监理的知识框架进行安排, 对每道题都进行了详细的解析。并依据最新全国一级注册建筑师考试的知识点在书后编有2套模拟试题, 供考生在复习后进行练习以检验复习效果。
●
相关链接 在E读中查询图书 在当当中查询图书 在豆瓣中查询图书


正题名:2020全国一级注册建筑师执业资格考试历年真     索取号:TU-44/Z221         预约/预借

序号 登录号 条形码 馆藏地/架位号 状态 备注
1 1486400   214864002   建筑库101/101建筑库 12排2列3层/ [索取号:TU-44/Z221] 在馆    
2 1486401   214864011   建筑库101/101建筑库 12排2列3层/ [索取号:TU-44/Z221] 在馆    
河南城建学院图书馆 欢迎您!
大连网信软件有限公司© 版权所有